| 000 | 01232nam#a22003975a#4500 | ||
|---|---|---|---|
| 001 | 1905 | ||
| 008 | 111123s2011####ag#####f######001#0#spa#d | ||
| 245 | 1 | 0 |
_aCooperativismo y capital social en la agricultura argentina a comienzos del siglo XXI / _cMario Lattuada ... [et al.]. |
| 250 | _a1ª ed. | ||
| 260 |
_aBuenos Aires : _bPROSAP, _c2011. |
||
| 300 |
_a190 p. : _btablas ; _c23 cm. |
||
| 020 | _a9789872560447 | ||
| 100 | 1 | _aLattuada, Mario. | |
| 700 | 1 | _aNogueira, María Elena. | |
| 700 | 1 | _aRenold, Juan Mauricio. | |
| 700 | 1 | _aUrcola, Marcos. | |
| 080 | _a631.115.8(82) | ||
| 084 | _2C75 | ||
| 653 | _aCooperativismo | ||
| 653 | _aCooperativismo agrícola | ||
| 653 | _aCooperativismo agropecuario | ||
| 653 | _aCooperativas agrícolas | ||
| 653 | _aCooperativas agropecuarias | ||
| 653 | _aComercilización agropecuaria | ||
| 653 | _aProducción agrícola | ||
| 653 | _aProducción ganadera | ||
| 653 | _aProducción agroindustrial | ||
| 653 | _aServicios agropecuarios | ||
| 653 | _aCooperativas vitivinícolas | ||
| 653 | _aAgricultores Federados Argentinos | ||
| 653 | _aProducción láctea | ||
| 040 |
_aAR-ClEAG _cAR-ClEAG |
||
| 005 | 20241107184726.0 | ||
| 003 | AR-ClEAG | ||
| 942 | _cBK | ||
| 999 |
_c1905 _d1905 |
||
| 980 |
_62 _aEvangelina Gallicchio _82 _gEvangelina Gallicchio |
||